| 000 | 01488cam a22003857i 4500 | ||
|---|---|---|---|
| 001 | 18391909 | ||
| 003 | USPCAS-E | ||
| 005 | 20180118181412.0 | ||
| 008 | 141202s2014 bcca b 001 0 eng | ||
| 010 | _a 2014486004 | ||
| 020 | _a9780865717794 (pbk.) | ||
| 020 | _a9781550925739 (ebook) | ||
| 035 | _a(OCoLC)ocn870289223 | ||
| 040 |
_aNLC _beng _cNLC _erda _dBTCTA _dBDX _dYDXCP _dOCLCO _dCLE _dCDX _dDLC |
||
| 042 | _alccopycat | ||
| 050 | 0 | 0 |
_aTH4860 _b.C66 2014 |
| 082 | 0 | 4 |
_a728.047 _223 _bCOO-G 2014 |
| 100 | 1 |
_aCook, Miki, _eauthor. |
|
| 245 | 1 | 0 |
_aGreen home building : _bmoney-saving strategies for an affordable, healthy, high-performance home / _cMiki Cook & Doug Garrett. |
| 260 |
_aIsland _bNew society publisher _cc2014 |
||
| 300 |
_axiii, 417 pages : _billustrations ; _c23 cm |
||
| 502 | _a0 | ||
| 504 | _aIncludes bibliographical references (pages 389-403) and index. | ||
| 530 | _aIssued also in electronic format. | ||
| 650 | 0 |
_aEcological houses _xDesign and construction. |
|
| 650 | 0 |
_aEcological houses _xEconomic aspects. |
|
| 650 | 0 |
_aHouse construction _xEnvironmental aspects. |
|
| 650 | 0 |
_aDwellings _xEnergy conservation. |
|
| 650 | 0 | _aSustainable architecture. | |
| 700 | 1 |
_aGarrett, Doug _c(Building consultant), _eauthor. |
|
| 776 | 1 |
_aCook, Miki, author. _tGreen home building. _w(CaOONL)20149030894 |
|
| 906 |
_a7 _bcbc _ccopycat _d3 _encip _f20 _gy-gencatlg |
||
| 942 |
_2ddc _cBK |
||
| 999 |
_c355756 _d355756 |
||